Wordt geladen...

Virtualization security:protecting vietualized environments

Bibliografische gegevens
Hoofdauteur: Dave Shackleford
Gepubliceerd in: Wiley 2012
LEADER 00214 a2200085 4500
100 |a Dave Shackleford 
245 |a Virtualization security:protecting vietualized environments 
260 |c 2012  |b Wiley 
942 |c BK  |6 _ 
999 |c 67643  |d 67643